Rugby - Culture générale - Statistiques

Statistiques générales
  • Ce quiz a été pris 7 624 fois
  • Le résultat moyen est 9 sur 15
Statistiques - réponses
Indice Réponse % Correct
Pays où a été créé le rugby Royaume-Uni
99%
Nom du championnat français de 1ere division Top 14
76%
Lieu de la coupe du monde 2023 France
75%
Leurs supporters chantent la Peña Baiona Aviron Bayonnais
72%
Vainqueurs de la première édition Nouvelle-Zélande
69%
Nom de l’équivalent de la Ligue des Champions en football Champions Cup
65%
Seules équipes du tournoi des 6 nations n’ayant jamais atteint le dernier carré Italie
65%
Seules équipes du tournoi des 6 nations n’ayant jamais atteint le dernier carré Irlande
61%
Surnom des Sud-Africains Springboks
60%
Stade mythique de l’Angleterre Twickenham
58%
Pays avec le plus de licenciés Afrique du Sud
53%
Année de la première Coupe du Monde 1987
49%
Joueur avec le plus de capitanats en Nouvelle-Zélande Richie McCaw
42%
Nom de la fédération internationale, anciennement IRB World Rugby
41%
Variante qui a inspiré le rugby Soule
18%
Aucun quiz correspondant
Distribution des résultats
% des personnes avec chaque résultat
Percentile par nombre de réponses
Votre historique - résultats
Vous n’avez pas pris ce quiz